Komunitné centrum - Pisztoryho palác

Gespeichert in:
Bibliographische Detailangaben
1. Verfasser: Uhríková, Lucia (Verfasst von)
Weitere Verfasser: Závodný, Ľubomír (Betreuung Doktorarbeit)
Format: Manuskript Buch
Sprache:Slowakisch
Veröffentlicht: Bratislava 2020
Schlagworte:
Online-Zugang:http://is.stuba.sk/zp/portal_zp.pl?podrobnosti=139061
Tags: Tag hinzufügen
Keine Tags, Fügen Sie das erste Tag hinzu!

MARC

LEADER 00000ntm a22000003a 4500
001 stuzp81190
003 SK-STU
005 20200811085941.8
007 ta
008 150427s2015----xo-----f-mn---000-0-slo-d
040 |a STU  |b slo 
041 0 |a slo 
100 1 |a Uhríková, Lucia  |u 051110  |4 aut  |U FAD Fakulta architektúry  |T FA Ústav architektúry obytných budov  |X 88115  |U A1110  |Y 392  |7 88115 
242 0 1 |a Community Center - The Pisztory Palace  |y eng 
245 1 0 |a Komunitné centrum - Pisztoryho palác 
260 |c 2020  |a Bratislava 
650 4 |a sála  |2 slo 
650 4 |a komunitné centrum  |2 slo 
650 4 |a nádvorie  |2 slo 
650 4 |a palác  |2 slo 
650 4 |a história  |2 slo 
650 4 |a hall  |2 eng 
650 4 |a courtyard  |2 eng 
650 4 |a community center  |2 eng 
650 4 |a palace  |2 eng 
650 4 |a hostory  |2 eng 
700 1 |a Závodný, Ľubomír  |u 051110  |k Z1  |4 ths  |U FAD Fakulta architektúry  |T FA Ústav architektúry obytných budov  |X 45410  |U A1110  |Y 392  |7 45410 
856 4 |u http://is.stuba.sk/zp/portal_zp.pl?podrobnosti=139061  |u https://opac.crzp.sk/?fn=detailBiblioForm&sid=2C8AB4190B6536A9D082127B1CEB